Los estilos franceses de los Luises
সংরক্ষণ করুন:
| প্রধান লেখক: | |
|---|---|
| বিন্যাস: | গ্রন্থ |
| ভাষা: | স্প্যানিশ |
| প্রকাশিত: |
Barcelona
Amaltea
1948
|
| মালা: | Speculum Artis
|
| বিষয়গুলি: | |
| ট্যাগগুলো: |
ট্যাগ যুক্ত করুন
কোনো ট্যাগ নেই, প্রথমজন হিসাবে ট্যাগ করুন!
|
MARC
| LEADER | 00000nam a2200000 a 4500 | ||
|---|---|---|---|
| 001 | UCY7883 | ||
| 003 | CL-VaPUC | ||
| 008 | 950622e19480000SP |||||||||||||||||spa|d | ||
| 082 | 0 | 4 | |a 722.1 |b PEL |2 21 |
| 100 | 0 | |a Pellicer, A. Cirici |e author |9 338753 | |
| 245 | 1 | 4 | |a Los estilos franceses de los Luises |
| 300 | |a 194 p | ||
| 942 | |c BK | ||
| 945 | |d 19950622 00:00:00 |a rbrito | ||
| 260 | |a Barcelona |b Amaltea |c 1948 | ||
| 650 | 0 | |a Arquitectura francesa |y Siglo 16 |9 338754 | |
| 650 | 7 | |a PINTURA FRANCESA SIGLO 16 |2 CL-VaPUC |9 338755 | |
| 650 | 0 | |a Arquitectura francesa |y Siglo 17 |9 338756 | |
| 650 | 7 | |a PINTURA FRANCESA SIGLO 17 |2 CL-VaPUC |9 338757 | |
| 651 | 0 | |a Francia |9 255157 | |
| 583 | |a last modification |c 20160810 04:59:54 |k Rodrigo Vera | ||
| 490 | 0 | |a Speculum Artis | |
| 999 | |c 235182 |d 235180 | ||
| 952 | |0 0 |1 0 |4 0 |6 722_100000000000000_PEL_1948 |7 0 |8 A |9 242414 |a BIBART |b BIBART |d 2019-11-18 |i 3097846 |o 722.1 PEL 1948 |p 3097846 |r 2025-03-13 |w 2019-11-18 |y BK |k ART | ||